British regional geology : The Welsh borderland /

Bibliographic Details
Main Author: Pocock, Roy Woodhouse
Corporate Authors: Geological Survey of Great Britain, Museum of Practical Geology (Great Britain)
Other Authors: Whitehead, Talbot Haes
Format: Book
Language:English
Published: London : H.M. Stationery Off, 1935.
Subjects:

MARC

Tag First Indicator Second Indicator Subfields
LEADER 00000cam a2200000 4500
001 in00000041052
005 20151007070618.0
008 780130s1935 enkabf b 00010 eng c
010 |a gs 35000201  
035 |a (OCoLC)03588692 
035 |9 AAE4350AM 
040 |a Library, U. S. Geological Survey  |c HDC  |d TXA  |d UtOrBLW 
049 |a TXAM  |c [60948] 
050 0 |a QE262.W2  |b P6 
092 |a 554.2  |b P741b 
100 1 |a Pocock, Roy Woodhouse. 
245 1 0 |a British regional geology :  |b The Welsh borderland /  |c by R. W. Pocock ... and T. H. Whitehead ... 
264 1 |a London :  |b H.M. Stationery Off,  |c 1935. 
300 |a v, 84 pages including illustrations, maps, diagrams :  |b XI plate (including folded map) ;  |c 25 cm. 
336 |a text  |b txt  |2 rdacontent 
337 |a unmediated  |b n  |2 rdamedia 
338 |a volume  |b nc  |2 rdacarrier 
500 |a At head of title: Department of Scientific and Industrial Research. Geological Survey and Museum. 
504 |a "Maps, publications, etc., dealing with the district": pages 82-84. 
650 0 |a Geology  |z Wales. 
700 1 |a Whitehead, Talbot Haes. 
710 2 |a Geological Survey of Great Britain. 
710 2 |a Museum of Practical Geology (Great Britain) 
740 4 |a The Welsh borderland. 
999 |a MARS 
999 f f |s cf843f21-2e13-30a1-825e-f6636ea19f3b  |i 6dfba683-f438-3755-ac47-84041e8a4ce9  |t 0 
952 f f |p ric  |a Texas A&M University  |b Rellis Campus  |c Joint Library Facility  |d Remote Storage  |t 0  |e QE262.W2 P6  |h Library of Congress classification  |i unmediated -- volume  |m A14800959662 
998 f f |a QE262.W2 P6  |t 0  |l Remote Storage